| 000 | 01339nam a22003737a 4500 | ||
|---|---|---|---|
| 003 | CHAP | ||
| 005 | 20220329133533.0 | ||
| 008 | 971013s1993 r 00010 d | ||
| 010 | _a7563 | ||
| 011 | _a8535 | ||
| 035 | _a7764 | ||
| 040 | _cCHAP | ||
| 090 | _aTesis | ||
| 100 | 0 | 0 |
_aHernández Reséndiz, Rafael. _954520 |
| 245 | _aProducción de semilla de conchita azul Clitoria ternatea L. y siratro Macroptilium atropurpureum Moc. bajo condiciones de invernadero en Chapingo, México | ||
| 260 |
_aChapingo, Méx. : _bEl autor, _c1993 |
||
| 300 | _a89 h | ||
| 502 | _aTesis (Ing. Agr. Esp. en Zootecnia) -- UACH. Departamento de Zootecnia | ||
| 590 |
_aALEPH _b10 _c20130110 _lUCH01 _h1220 |
||
| 590 |
_aBATCH-UPD _b10 _c20130110 _lUCH01 _h0142 |
||
| 590 |
_aBATCH-UPD _b10 _c20130110 _lUCH01 _h0837 |
||
| 590 |
_aBATCH-UPD _b10 _c20130410 _lUCH01 _h0515 |
||
| 590 |
_aBATCH-UPD _b10 _c20130914 _lUCH01 _h0950 |
||
| 590 |
_aCONVERSION _b10 _c20130109 _lUCH01 _h1305 |
||
| 650 | 1 | 4 |
_aClitoria ternatea. _923880 |
| 650 | 1 | 4 |
_aLeguminosas _xSemilla. _965851 |
| 650 | 1 | 4 |
_aMacroptilium atropurpureum. _969557 |
| 650 | 1 | 4 |
_aSemillas _xRendimiento. _9103930 |
| 700 | 0 |
_aCruz Almaraz, Domingo. _929280 |
|
| 710 | 0 |
_aUACH. Departamento de Zootecnia. _9115904 |
|
| 901 | _aBK | ||
| 942 | _cTESIS | ||
| 949 |
_bBC _cTES _d-17604 _eTS1 _h26184 _i7764 _si |
||
| 999 |
_c7563 _d7563 |
||